150 suosituinta naisten nimeä alkukirjaimella V - Statistics

Yleistilastot
  • Tätä visaa on pelattu 135 kertaa
  • Keskiarvotulos 54 / 150
Vastaustilastot
% Oikein
Vi
99%
Viivi
95%
Vivi
95%
Veera
93%
Vera
93%
Vilma
93%
Van
89%
Venla
89%
Valma
80%
Vilja
80%
Viivia
77%
Vivea
77%
Vivia
77%
Vivian
76%
Viviann
76%
Vivien
76%
Viola
74%
Vu
68%
Varpu
66%
Via
66%
Viia
66%
Vanesa
65%
Vanessa
65%
Venni
65%
Venny
65%
Virpi
65%
Vappu
64%
Verna
62%
Veronica
62%
Veronika
62%
Veronique
62%
Vilhelmiina
59%
Vilhelmina
59%
Vuokko
59%
Varma
58%
Vella
58%
Vieno
58%
Virve
55%
Vania
54%
Vanja
54%
Valpu
53%
Valpuri
53%
Vaula
51%
Viena
51%
Vienna
51%
Viviana
51%
Vivianna
51%
Vanamo
50%
Vellamo
50%
Virva
50%
Vea
47%
Veea
47%
Victoria
47%
Viktoria
47%
Viktória
47%
Viktoriia
47%
Viktorija
47%
Viktoriya
47%
Viveca
45%
Viveka
45%
Vivica
45%
Vivika
45%
Villa
43%
Vanni
41%
Velma
41%
Venna
36%
Verona
35%
Viviane
35%
Vivianne
35%
Vivienne
35%
Violet
34%
Veela
31%
Vendi
31%
Valo
30%
Viliina
30%
Vilina
30%
Vesta
28%
Venja
27%
Vilna
27%
Violeta
27%
Violetta
27%
Vadelma
26%
Veena
26%
Vendela
26%
Vendla
26%
Vicki
26%
Vicky
26%
Virna
26%
Viima
24%
Vinja
24%
Viona
24%
Valeria
23%
Valeriia
23%
Valerija
23%
Valeriya
23%
Vanilja
23%
Vanilla
23%
Valentiina
22%
Valentina
22%
Valentyna
22%
Veina
19%
Vilmiina
19%
Valla
18%
Verla
16%
Vida
16%
Vilda
16%
Vilde
16%
Vilena
16%
Vian
15%
Villiina
15%
Vira
15%
Vaili
14%
Vanda
14%
Viana
14%
Vianna
14%
Valborg
12%
Valerie
12%
Viva
12%
Viri
9%
Verena
8%
Virpa
8%
Vita
8%
Valmu
7%
Vega
7%
Valencia
5%
Valentine
5%
Viive
5%
Vibeke
4%
Viiu
4%
Vasilisa
3%
Veanna
3%
Vesna
3%
Virginia
3%
Vittoria
3%
Vjollca
3%
Vlada
3%
Vladislava
3%
Varvara
1%
Venus
1%
Vivan
1%
Valbona
0%
Valbone
0%
Valdine
0%
Valona
0%
Venera
0%
Vesper
0%
Viivu
0%
Vineta
0%
Vlera
0%
Vlora
0%
Ehtoja vastaavia visoja ei löytynyt
Tulosjakauma
Jokaisen tuloksen saaneiden osuus
Persentiili vastausten määrän mukaan
Tuloshistoriasi
Et ole pelannut tätä visaa